Music Quiz

Random Music or Bands Quiz

Lesser Known Bands (1990s) Quiz Stats

 Plays Quiz Updated Jan 12, 2014

Support Sporcle.
Go Orange.
Score 0/50 Timer 10:00
2 Plays Today
% Correct
Chumbawamba
89.9%
Crash Test Dummies
74.9%
Eagle-Eye Cherry
72.5%
Meredith Brooks
70.5%
New Radicals
61.7%
Len
59%
Joan Osborne
56%
Fastball
54.2%
Harvey Danger
54%
Lit
53.6%
Everlast
48.9%
Dishwalla
46.6%
Shawn Mullins
41.2%
James
40.1%
Seven Mary Three
39.9%
Mazzy Star
38.8%
Orgy
36.2%
Spacehog
34.2%
White Town
32.9%
Primitive Radio Gods
32.5%
Reel Big Fish
31.8%
Edwyn Collins
31.7%
Republica
28.8%
Sneaker Pimps
28%
Tracy Bonham
24.2%
% Correct
Stereo MCs
23.5%
Citizen King
22.9%
Portishead
21.9%
Elastica
21.7%
K's Choice
20.4%
The Flys
20%
Goldfinger
19%
Mad Season
18.6%
Kula Shaker
18.6%
Folk Implosion
17.4%
Tripping Daisy
15.1%
Soul Coughing
14.6%
Letters to Cleo
14%
The Rentals
13.9%
dada
13.2%
Lo Fidelity Allstars
12.6%
Frente!
12.1%
Marvelous 3
8.4%
The Jesus and Mary Chain (w. Hope Sandoval)
8.3%
Juliana Hatfield
8.2%
The Urge
6.5%
Inspiral Carpets
6%
Love Spit Love
5.7%
Possum Dixon
5.1%
Tin Star
2.4%

You're not logged in!

Compare scores with friends on all Sporcle quizzes.
OR
Log In

From the Vault

8-Letter Animals by Image

by RobPro

A 'Sporcler' is not considered an animal. But we know you're a unique breed.
Remove Ads.
Support Sporcle.
Get the best of Sporcle when you Go Orange. This ad-free experience offers more features, more stats, and more fun while also helping to support Sporcle. Thank you for becoming a member.

Show Comments

Extras

Top Quizzes Today


Score Distribution

Your Account Isn't Verified!

In order to create a playlist on Sporcle, you need to verify the email address you used during registration. Go to your Sporcle Settings to finish the process.

Report this User

Report this user for behavior that violates our Community Guidelines.

Details: